Čísla pro každého 1965

Na minha lista:
Detalhes bibliográficos
Formato: Livro
Idioma:tcheco
Publicado em: Praha Státní nakladatelství technické literatury 1965
Tags: Adicionar Tag
Sem tags, seja o primeiro a adicionar uma tag!

MARC

LEADER 00000nam a2200000 4500
001 c123007
005 20250520072847.3
041 0 |a cze 
044 |a CZ 
245 1 0 |a Čísla pro každého 1965 
264 1 |a Praha  |b Státní nakladatelství technické literatury  |c 1965 
300 |a 403 s.